Economic Reform and Political Change in Eastern Europe.A Comparison of the Czechoslovak and Hungarian Experiences (Record no. 311)

MARC details
000 -LEADER
fixed length control field 00600nam a22002177i 4500
001 - CONTROL NUMBER
control field 315
003 - CONTROL NUMBER IDENTIFIER
control field OSt
005 - DATE AND TIME OF LATEST TRANSACTION
control field 20170126082242.0
007 - PHYSICAL DESCRIPTION FIXED FIELD--GENERAL INFORMATION
fixed length control field tu
008 - FIXED-LENGTH DATA ELEMENTS--GENERAL INFORMATION
fixed length control field 161220s1988 xxu||||| |||| 00| 0 d
024 7# - OTHER STANDARD IDENTIFIER
Standard number or code 314
Source of number or code RID
040 ## - CATALOGING SOURCE
Transcribing agency OSt
084 ## - OTHER CLASSIFICATION NUMBER
Classification number 3.21
-- 8.23
Number source z
100 1# - MAIN ENTRY--PERSONAL NAME
Personal name Batt, Judy
245 00 - TITLE STATEMENT
Title Economic Reform and Political Change in Eastern Europe.A Comparison of the Czechoslovak and Hungarian Experiences
260 ## - PUBLICATION, DISTRIBUTION, ETC.
Place of publication, distribution, etc. Hampshire :
Name of publisher, distributor, etc. MacMillan Press,
Date of publication, distribution, etc. 1988.
300 ## - PHYSICAL DESCRIPTION
Extent 523 S. ;
Dimensions 21cm.
490 ## - SERIES STATEMENT
Series statement Studies in Soviet History and Society
651 ## - SUBJECT ADDED ENTRY--GEOGRAPHIC NAME
Geographic name Eastern Europe
651 ## - SUBJECT ADDED ENTRY--GEOGRAPHIC NAME
Geographic name Hungary
942 ## - ADDED ENTRY ELEMENTS (KOHA)
Koha item type Book
Holdings
Withdrawn status Lost status Damaged status Not for loan Home library Current library Shelving location Date acquired Inventory number Total Checkouts Full call number Barcode Date last seen Price effective from Koha item type
        WIIW WIIW Souterrain 06/16/1992 315   I-4.965 300313 01/26/2017 01/26/2017 Book
The Vienna Instiute for International Economic Studies (wiiw)